00566nam a2200181 a 450000100100000000500170001000800410002704000130006808200190008110000400010024500570014026000360019730000210023350000630025465000190031765000180033665100300035400000853520200929161347.0090917s1986 dr 001 0 spa d aDO-SdBNP a523.642bR173m1 aRamírez Corria, Filiberto,d1904-13aEl milagro del cometa /cFiliberto Ramírez Corria. aSanto Domingo :bTaller,c1986. a224 p. ;c19 cm. aIncluye datos biográficos del autor en la contracubierta 4aCometa halley, 4aFin del mundo 4aCubaxHistoriay1903-1933